Economies in transition <the> long-run view

Guardado en:
Detalles Bibliográficos
Otros Autores: Roland, Gérard
Formato: Libro
Lenguaje:inglés
Publicado: Basingstoke Palgrave Macmillan 2012
Colección:Studies in development economics and policy
Materias:
Etiquetas: Agregar Etiqueta
Sin Etiquetas, Sea el primero en etiquetar este registro!

MARC

LEADER 00000nam a2200000 4500
001 0186381
005 20240315121707.4
020 |a 978-0-230-34348-1 
041 0 |a eng 
044 |a GB 
245 1 0 |a Economies in transition  |b <the> long-run view  |c edited by: Gérard Roland 
264 1 |a Basingstoke  |b Palgrave Macmillan  |c 2012 
300 |a 446 s. 
490 1 |a Studies in development economics and policy 
830 0 |a Studies in development economics and policy 
610 2 0 |a obdobie prechodné 
610 2 0 |a krajiny tranzitívne 
610 2 0 |a transformácia 
610 2 0 |a demografia 
610 2 0 |a reformy 
610 2 0 |a hospodárstvo socialistické 
610 2 0 |a hospodárstvo trhové 
610 2 0 |a vývoj politický 
610 2 0 |a politika finančná 
610 2 0 |a vývoj spoločenský 
610 2 0 |a dôsledky sociálne 
610 2 0 |a socializmus 
610 2 0 |a divergencia 
610 2 0 |a stredná Európa 
610 2 0 |a východná Európa 
610 2 0 |a východné Nemecko 
610 2 0 |a Rusko 
610 2 0 |a stredná Ázia 
700 1 |a Roland, Gérard